| 000 | 00842nam a22002417a 4500 | ||
|---|---|---|---|
| 999 |
_c18652 _d18652 |
||
| 003 | AR-CdUCM | ||
| 008 | 190514b ||||| |||| 00| 0 spa d | ||
| 020 | _a84-7214-175-6 | ||
| 040 |
_aMUNICIPALIDAD PROVINCIAL DEL CUSCO _cBIBLIOTECA MUNICIPAL DEL CUSCO |
||
| 082 |
_a520 / _bH81 |
||
| 100 |
_aHoyle, Fred _939366 |
||
| 245 | _aIniciación a ala astronomía / | ||
| 260 |
_aMadrid : _bH. Blume, _c1975. |
||
| 300 |
_a179 páginas ; _bIlustraciones, _c24 cm. |
||
| 505 | _aContenido: La tierra -- Los planetas y el sol -- Los planetas en si mismo -- El sol -- Cometas y otras formas de restos... | ||
| 650 |
_aAstronomía _920572 |
||
| 650 |
_aAtmósfera _926110 |
||
| 650 |
_aUniverso _918615 |
||
| 650 |
_aPlanetas _918636 |
||
| 700 |
_aArche Miralles, Alfredo (traductor) _939367 |
||
| 942 |
_2ddc _cLIBROS |
||
| 945 |
_aacv _d2019-05-14 |
||